| 000 | 00679nam a22001817a 4500 | ||
|---|---|---|---|
| 003 | UA-OsUOA | ||
| 001 | 10328 | ||
| 007 | ta | ||
| 008 | 20050115b un ||||| |||| 00| 0 ukr d | ||
| 100 | _aМельничук В. | ||
| 942 | _cSA | ||
| 040 |
_aUA-OsUOA _cUA-OsUOA _dUA-OsUOA |
||
| 245 |
_aУ Володимира Мельничука своя правда - хліборобська _b[Про приват. с.-г. п-во "Правда", що у Млинів. р-ні, та його кер. В. Мельничука] |
||
| 300 | _aС.4 | ||
| 955 | _a0 | ||
| 773 | 0 |
_w0 _tВільне слово _dРівне _d2005 _g№1/2/1 січ./ |
|
| 650 | 7 |
_aМельничук В. _2UDC |
|
| 999 |
_c296489 _d296489 |
||